[Event "26. Erfurter Schachfestival 2016 - HT"]
[Site "Erfurt"]
[Date "2016.12.29"]
[Round "7.5"]
[White "Schönrock, Rüdiger"]
[Black "Mann, Jonas"]
[Result "1-0"]
[WhiteElo "2022"]
[BlackElo "1858"]
[PlyCount "21"]
[EventDate "2016.12.26"]
[EventCountry "GER"]

1. e4 c5 2. c3 Nf6 3. e5 Nd5 4. d4 cxd4 5. cxd4 d6 6. Nf3 Nc6 7. Nc3 Nxc3 8.
bxc3 dxe5 9. d5 Na5 10. Bb5+ Bd7 11. Qa4 1-0

[Event "26. Erfurter Schachfestival 2016 - HT"]
[Site "Erfurt"]
[Date "2016.12.29"]
[Round "7.7"]
[White "Marhöfer, Daniel"]
[Black "Röhr, Tobias"]
[Result "0-1"]
[WhiteElo "1584"]
[BlackElo "1889"]
[PlyCount "62"]
[EventDate "2016.12.26"]
[EventCountry "GER"]

1. e4 c5 2. Nc3 e6 3. f4 Nc6 4. Bb5 Nge7 5. Bxc6 Nxc6 6. Nf3 g6 7. O-O Bg7 8.
d3 O-O 9. a3 d6 10. Qe1 a6 11. Qg3 b5 12. Ne2 b4 13. Qh3 bxa3 14. Rxa3 Nb4 15.
Ne1 Bb7 16. c3 Nc6 17. Ng3 f5 18. Nf3 a5 19. Ne2 h6 20. Qg3 Ne7 21. e5 dxe5 22.
Nxe5 Bxe5 23. fxe5 Kg7 24. Nf4 Kh7 25. Qh3 Ng8 26. Qg3 g5 27. Nh5 Qe8 28. Nf6+
Nxf6 29. exf6 e5 30. Ra4 f4 31. Qe1 Rxf6 0-1

[Event "26. Erfurter Schachfestival 2016 - HT"]
[Site "Erfurt"]
[Date "2016.12.29"]
[Round "7.8"]
[White "Schulz, Stefan"]
[Black "Bertram, Thomas"]
[Result "1-0"]
[WhiteElo "1870"]
[BlackElo "1776"]
[PlyCount "91"]
[EventDate "2016.12.26"]
[EventCountry "GER"]

1. e4 e5 2. Nf3 Nc6 3. Bb5 a6 4. Bxc6 dxc6 5. O-O Bd6 6. d4 Bg4 7. dxe5 Bxf3 8.
Qxf3 Bxe5 9. Rd1 Qf6 10. Qxf6 Nxf6 11. f4 Bd6 12. Nc3 O-O-O 13. Kf1 Bb4 14. Bd2
Ng4 15. h3 Nf6 16. e5 Bxc3 17. Bxc3 Rxd1+ 18. Rxd1 Ne4 19. Be1 Rd8 20. Rxd8+
Kxd8 21. Ke2 Kd7 22. b4 f5 23. exf6 Nxf6 24. c4 b5 25. c5 g6 26. Kf3 Ke6 27. g4
Nd5 28. Ke4 Nf6+ 29. Kf3 Nd5 30. a3 Nf6 31. Bc3 Nd5 32. Be5 g5 33. Ke4 gxf4 34.
Bxf4 Nc3+ 35. Kf3 Kd5 36. g5 Ke6 37. Kg4 Nd5 38. h4 Kf7 39. h5 Kg8 40. Kf5 Kf7
41. g6+ hxg6+ 42. hxg6+ Kg8 43. Bh6 Nc3 44. Ke6 Nd5 45. Kd7 Kh8 46. Kxc6 1-0

[Event "26. Erfurter Schachfestival 2016 - HT"]
[Site "Erfurt"]
[Date "2016.12.29"]
[Round "7.10"]
[White "Möller, Frank (Königsee)"]
[Black "Spitzl, Philipp"]
[Result "1/2-1/2"]
[WhiteElo "1886"]
[BlackElo "2065"]
[PlyCount "92"]
[EventDate "2016.12.26"]
[EventCountry "GER"]

1. c4 e6 2. Nc3 Nf6 3. d4 d5 4. Bg5 Be7 5. e3 O-O 6. Bxf6 Bxf6 7. Nf3 c5 8.
cxd5 exd5 9. Be2 cxd4 10. Nxd4 Nc6 11. Nxc6 bxc6 12. Qc2 Rb8 13. O-O Qa5 14.
Rfc1 Be6 15. b3 Rfc8 16. Qd2 c5 17. Qe1 g6 18. g4 Bg7 19. Rab1 Qd8 20. Qf1 Qe7
21. Qg2 Rd8 22. Bf3 d4 23. exd4 cxd4 24. Ne4 Rbc8 25. g5 Qa3 26. Rxc8 Rxc8 27.
Qg3 Qxa2 28. Rd1 Qxb3 29. Nf6+ Bxf6 30. gxf6 Rd8 31. Qf4 Qb4 32. Qc7 Qd6 33.
Qxa7 Bf5 34. Qe7 d3 35. Ra1 Qd4 36. Ra4 Qb6 37. Ra7 Rf8 38. Rb7 Qd8 39. Qe5 d2
40. Bd1 Re8 41. Re7 Rxe7 42. Qxe7 Qxe7 43. fxe7 Bd7 44. Kf1 Kg7 45. Ke2 Kf6 46.
Kxd2 Kxe7 1/2-1/2

[Event "26. Erfurter Schachfestival 2016 - MT"]
[Site "Erfurt"]
[Date "2016.12.26"]
[Round "1.1"]
[White "Stahr, Ralf-Peter"]
[Black "Lampert, Jonas"]
[Result "0-1"]
[WhiteElo "2088"]
[BlackElo "2500"]
[PlyCount "84"]
[EventDate "2016.12.26"]
[EventCountry "GER"]

1. c4 c6 2. e4 d5 3. Nc3 d4 4. Nce2 e5 5. d3 Nf6 6. Bd2 a5 7. a3 Na6 8. Ng3 h5
9. Be2 Nc5 10. b4 axb4 11. axb4 Rxa1 12. Qxa1 Nb3 13. Qb2 Nxd2 14. Qxd2 h4 15.
Nf1 Qe7 16. c5 b6 17. cxb6 Qxb4 18. Qxb4 Bxb4+ 19. Nd2 Nd7 20. Ngf3 f6 21. O-O
Nxb6 22. Ra1 g5 23. h3 Ke7 24. Bd1 Bd7 25. Ra6 Rb8 26. Kf1 Bc3 27. Bb3 Nc8 28.
Bc4 Nd6 29. Ra2 Nxc4 30. Nxc4 g4 31. hxg4 Rb1+ 32. Ke2 Bxg4 33. Ncd2 Rg1 34.
Ra7+ Ke6 35. Rc7 Bxd2 36. Kxd2 h3 37. Rh7 Rxg2 38. Ke2 Rh2 39. Rh4 Rg2 40. Rh8
h2 41. Rh6 Rg1 42. Rxh2 Ra1 0-1

[Event "26. Erfurter Schachfestival 2016 - MT"]
[Site "Erfurt"]
[Date "2016.12.26"]
[Round "1.2"]
[White "Schmaltz, Roland"]
[Black "Zahn, Alina"]
[Result "1-0"]
[WhiteElo "2487"]
[BlackElo "2082"]
[PlyCount "75"]
[EventDate "2016.12.26"]
[EventCountry "GER"]

1. e4 e5 2. Nf3 Nc6 3. Bc4 Bc5 4. c3 Nf6 5. d3 O-O 6. O-O d5 7. exd5 Nxd5 8.
Nbd2 Nb6 9. Bb5 f6 10. Bxc6 bxc6 11. d4 exd4 12. Nb3 Bd6 13. Nbxd4 c5 14. Nb5
Be6 15. b3 a5 16. c4 a4 17. Be3 Qb8 18. Re1 Bf7 19. Nxd6 cxd6 20. Bf4 Rd8 21.
Rc1 Ra7 22. Nd2 Qa8 23. Be3 Nd7 24. Rc3 Ne5 25. f4 Nc6 26. Bf2 axb3 27. axb3
Rad7 28. Ne4 Nb4 29. Qg4 Kh8 30. Nxf6 Ra7 31. Rg3 Bg8 32. Nxg8 Rxg8 33. Rh3 h6
34. Qg6 Rf8 35. Qxd6 Ra1 36. Rxh6+ gxh6 37. Qe5+ Kg8 38. Rxa1 1-0

[Event "26. Erfurter Schachfestival 2016 - MT"]
[Site "Erfurt"]
[Date "2016.12.26"]
[Round "1.3"]
[White "Linner, Christian"]
[Black "Zelbel, Patrick"]
[Result "0-1"]
[WhiteElo "2082"]
[BlackElo "2448"]
[PlyCount "58"]
[EventDate "2016.12.26"]
[EventCountry "GER"]

1. c4 c5 2. Nf3 Nc6 3. Nc3 g6 4. g3 Bg7 5. Bg2 e6 6. O-O Nge7 7. e3 Nf5 8. Ne1
h5 9. f4 Nce7 10. e4 Nd4 11. Nf3 d6 12. d3 a6 13. Bd2 b5 14. Rb1 Rb8 15. b3 O-O
16. Nxd4 cxd4 17. Ne2 f5 18. cxb5 axb5 19. b4 fxe4 20. dxe4 e5 21. Qb3+ Kh7 22.
fxe5 Rxf1+ 23. Rxf1 dxe5 24. a4 bxa4 25. Qf7 Qd6 26. Bg5 Rb7 27. Rf6 Qxb4 28.
Bf3 Qb3 29. Qxb3 axb3 0-1

[Event "26. Erfurter Schachfestival 2016 - MT"]
[Site "Erfurt"]
[Date "2016.12.26"]
[Round "1.4"]
[White "Enders, Peter"]
[Black "Scherer, Frank"]
[Result "1/2-1/2"]
[WhiteElo "2446"]
[BlackElo "2082"]
[PlyCount "84"]
[EventDate "2016.12.26"]
[EventCountry "GER"]

1. b3 e5 2. Bb2 Nc6 3. e3 Nf6 4. Nf3 d6 5. d4 exd4 6. Nxd4 Nxd4 7. Qxd4 Be7 8.
Nc3 Be6 9. Be2 O-O 10. O-O-O c5 11. Qa4 a6 12. Bf3 Rb8 13. Kb1 b5 14. Qf4 a5
15. Nd5 Bxd5 16. Bxd5 a4 17. e4 axb3 18. axb3 Qa5 19. Rhe1 c4 20. Qd2 Qa6 21.
Re3 Nxd5 22. exd5 Bd8 23. Rg3 f6 24. Re1 cxb3 25. Rxb3 Ba5 26. Bc3 Bxc3 27.
Qxc3 Rfc8 28. Qb2 Rc7 29. Rbe3 b4 30. Qb3 Ra7 31. Kc1 Qa1+ 32. Kd2 Qd4+ 33. Ke2
Ra3 34. Qb1 Rxe3+ 35. fxe3 Qxd5 36. Qb3 Qxb3 37. cxb3 Rc8 38. Rd1 Rc2+ 39. Rd2
Rc3 40. Rd3 Rc2+ 41. Rd2 Rc3 42. Rd3 Rc2+ 1/2-1/2

[Event "26. Erfurter Schachfestival 2016 - MT"]
[Site "Erfurt"]
[Date "2016.12.26"]
[Round "1.5"]
[White "Röttig, Hans-Peter"]
[Black "Carlstedt, Jonathan"]
[Result "0-1"]
[WhiteElo "2081"]
[BlackElo "2412"]
[PlyCount "50"]
[EventDate "2016.12.26"]
[EventCountry "GER"]

1. e4 e5 2. Nf3 Nc6 3. Bb5 a6 4. Ba4 Nf6 5. d3 Bc5 6. c3 b5 7. Bb3 d6 8. O-O
Bg4 9. Re1 h6 10. Nbd2 Ne7 11. Nf1 Ng6 12. h3 Bd7 13. Ng3 Qc8 14. d4 Bb6 15. a4
O-O 16. axb5 axb5 17. Rxa8 Qxa8 18. Nh2 Re8 19. Nh5 Nxe4 20. Bxh6 exd4 21. Nxg7
d3 22. Rxe4 Rxe4 23. Bxf7+ Kxf7 24. Qf3+ Nf4 25. Nf1 Ra4 0-1

[Event "26. Erfurter Schachfestival 2016 - MT"]
[Site "Erfurt"]
[Date "2016.12.26"]
[Round "1.6"]
[White "Brüdigam, Martin"]
[Black "Schupp, Uwe"]
[Result "1-0"]
[WhiteElo "2412"]
[BlackElo "2079"]
[PlyCount "39"]
[EventDate "2016.12.26"]
[EventCountry "GER"]

1. e4 d6 2. d4 Nf6 3. Nc3 e5 4. Nge2 exd4 5. Nxd4 Be7 6. g3 O-O 7. Bg2 c6 8.
O-O Re8 9. h3 Bf8 10. Bf4 Nbd7 11. g4 Nc5 12. Re1 g6 13. Qd2 Qb6 14. Nb3 Be6
15. Nxc5 Qxc5 16. Be3 Qa5 17. e5 Nd7 18. exd6 Rad8 19. Rad1 Nc5 20. Ne4 1-0

[Event "26. Erfurter Schachfestival 2016 - MT"]
[Site "Erfurt"]
[Date "2016.12.26"]
[Round "1.7"]
[White "August, Daniel"]
[Black "Hendriks, Willy"]
[Result "0-1"]
[WhiteElo "2074"]
[BlackElo "2396"]
[PlyCount "102"]
[EventDate "2016.12.26"]
[EventCountry "GER"]

1. c4 g6 2. g3 Bg7 3. Bg2 e5 4. e4 d6 5. Nc3 Nc6 6. Nge2 Nh6 7. O-O O-O 8. d3
Be6 9. Nd5 f5 10. f3 Qd7 11. Be3 Rae8 12. Qd2 Nf7 13. Rac1 Qd8 14. b4 Nd4 15.
Rb1 c6 16. Ndc3 g5 17. exf5 Bxf5 18. Bf2 Bg6 19. b5 Qa5 20. Rfd1 h6 21. Ne4
Qxd2 22. Rxd2 Nxe2+ 23. Rxe2 d5 24. bxc6 dxe4 25. cxb7 exd3 26. Rd2 Nd6 27. Bc5
Nxc4 28. Rdd1 Nb6 29. Bxf8 Bxf8 30. a4 Rb8 31. Bf1 Rxb7 32. a5 Bc5+ 33. Kg2 Rd7
34. axb6 axb6 35. Rb2 g4 36. Bxd3 gxf3+ 37. Kxf3 Rxd3+ 38. Rxd3 Bxd3 39. Rd2
e4+ 40. Kf4 Bd6+ 41. Kg4 b5 42. Kf5 Kf7 43. g4 Bb4 44. Rd1 Bc3 45. h4 b4 46. g5
hxg5 47. hxg5 b3 48. g6+ Kg7 49. Rh1 e3+ 50. Kg5 Bxg6 51. Kf4 e2 0-1

[Event "26. Erfurter Schachfestival 2016 - MT"]
[Site "Erfurt"]
[Date "2016.12.26"]
[Round "1.8"]
[White "Woellermann, Jan"]
[Black "Schieferstein, Michael"]
[Result "1-0"]
[WhiteElo "2388"]
[BlackElo "2073"]
[PlyCount "55"]
[EventDate "2016.12.26"]
[EventCountry "GER"]

1. d4 Nf6 2. c4 d6 3. Nf3 Nbd7 4. Nc3 e5 5. e4 Be7 6. Be2 O-O 7. O-O c6 8. Re1
exd4 9. Nxd4 Nc5 10. Bf1 a5 11. g3 Bg4 12. f3 Bc8 13. Be3 Re8 14. Bf2 Bf8 15.
Qd2 a4 16. Rab1 Nfd7 17. h3 Ne5 18. f4 Ned7 19. b4 axb3 20. axb3 Nf6 21. Bg2
Ne6 22. Nc2 Qc7 23. b4 g6 24. Red1 Be7 25. Re1 Rd8 26. Rbd1 Bd7 27. f5 Ng7 28.
g4 1-0

[Event "26. Erfurter Schachfestival 2016 - MT"]
[Site "Erfurt"]
[Date "2016.12.26"]
[Round "1.9"]
[White "Zech, Andreas"]
[Black "Berchtenbreiter, Maximilian"]
[Result "0-1"]
[WhiteElo "2072"]
[BlackElo "2384"]
[PlyCount "62"]
[EventDate "2016.12.26"]
[EventCountry "GER"]

1. c4 Nf6 2. g3 e5 3. Bg2 c6 4. Nc3 d5 5. cxd5 cxd5 6. Qb3 Nc6 7. d3 Nd4 8. Qd1
Bc5 9. Nf3 Nxf3+ 10. Bxf3 d4 11. Ne4 Nxe4 12. Bxe4 Bh3 13. Bxb7 Rb8 14. Bc6+
Kf8 15. b3 Rc8 16. Bb7 Rc7 17. Bf3 Qe7 18. Rg1 h5 19. Bg2 Bf5 20. h4 g6 21. Bd2
Ba3 22. Ba5 Rc5 23. b4 Rb5 24. Qa4 Bxb4+ 25. Bxb4 Rxb4 26. Qa5 Kg7 27. Rc1 Rhb8
28. Kd2 R8b5 29. Qc7 Rb2+ 30. Kd1 Qb4 31. Rc2 Rxc2 0-1

[Event "26. Erfurter Schachfestival 2016 - MT"]
[Site "Erfurt"]
[Date "2016.12.26"]
[Round "1.10"]
[White "Urban, Konstantin"]
[Black "Schellmann, Frank"]
[Result "1-0"]
[WhiteElo "2368"]
[BlackElo "2069"]
[PlyCount "77"]
[EventDate "2016.12.26"]
[EventCountry "GER"]

1. e4 e5 2. Nf3 Nc6 3. Bb5 a6 4. Ba4 Nf6 5. O-O Be7 6. d3 d6 7. Bxc6+ bxc6 8.
d4 exd4 9. Nxd4 Bd7 10. Qf3 O-O 11. Nc3 c5 12. Nf5 Bxf5 13. Qxf5 Qc8 14. Qf3
Re8 15. Re1 Qb7 16. b3 Nd7 17. Nd5 Bf8 18. Bb2 c6 19. Ne3 Re6 20. Rad1 Rae8 21.
Nf5 d5 22. Qg3 d4 23. c3 Ne5 24. cxd4 cxd4 25. Bxd4 Rg6 26. Qh3 Qc7 27. f4 Ng4
28. Nh4 Qxf4 29. Nxg6 hxg6 30. g3 Qg5 31. Qg2 c5 32. Bf2 c4 33. Rd5 f5 34. bxc4
Nf6 35. Be3 Qh5 36. exf5 Nxd5 37. Qxd5+ Kh7 38. Qf7 Rxe3 39. Qxg6+ 1-0

[Event "26. Erfurter Schachfestival 2016 - MT"]
[Site "Erfurt"]
[Date "2016.12.26"]
[Round "1.11"]
[White "Vangsgaard, Bjarke"]
[Black "Thinius, Marco"]
[Result "0-1"]
[WhiteElo "2066"]
[BlackElo "2357"]
[PlyCount "54"]
[EventDate "2016.12.26"]
[EventCountry "GER"]

1. d4 Nf6 2. Bf4 d6 3. Nf3 g6 4. e3 Bg7 5. Be2 Nbd7 6. O-O O-O 7. h3 b6 8. c4
Bb7 9. Nc3 Ne4 10. Nxe4 Bxe4 11. Rc1 e5 12. Bg3 Qe7 13. d5 Bxf3 14. Bxf3 e4 15.
Be2 Bxb2 16. Rb1 Be5 17. Qc2 Nc5 18. Bxe5 Qxe5 19. Rfd1 Rae8 20. Rd4 f5 21. Qb2
f4 22. Qa3 a5 23. Re1 Rf6 24. Qc3 Ref8 25. exf4 Rxf4 26. Qe3 Rxf2 27. Bf3 R8xf3
0-1

[Event "26. Erfurter Schachfestival 2016 - MT"]
[Site "Erfurt"]
[Date "2016.12.26"]
[Round "1.12"]
[White "Osmanodja, Filiz"]
[Black "Bader, Gerd"]
[Result "1-0"]
[WhiteElo "2343"]
[BlackElo "2065"]
[PlyCount "115"]
[EventDate "2016.12.26"]
[EventCountry "GER"]

1. e4 d6 2. d4 e5 3. Nf3 Nd7 4. Bc4 c6 5. dxe5 dxe5 6. c3 Be7 7. Be3 Ngf6 8.
Bxf7+ Kxf7 9. Qb3+ Ke8 10. Ng5 Nf8 11. Qf7+ Kd7 12. Na3 Qe8 13. Qb3 Kc7 14. Nc4
h6 15. Nf3 Be6 16. a4 Ng6 17. a5 Qf7 18. Bb6+ Kc8 19. Ra4 Nd7 20. Be3 Rd8 21.
O-O Nc5 22. Bxc5 Bxc5 23. Qa2 Kc7 24. b3 Bxc4 25. Rxc4 Be7 26. b4 Qe8 27. b5 c5
28. h4 Bd6 29. Qb2 b6 30. g3 Qe6 31. Ra4 Nf8 32. Rfa1 Rab8 33. Qa3 c4 34. axb6+
axb6 35. Ra7+ Rb7 36. Rxb7+ Kxb7 37. Qa7+ Kc8 38. Qxb6 Bb8 39. Qc5+ Kd7 40.
Rd1+ Bd6 41. Nxe5+ Ke8 42. Qc6+ Ke7 43. Nxc4 Rd7 44. Nb6 Rd8 45. Qb7+ Ke8 46.
Qxg7 Be7 47. Nd5 Rd7 48. Ra1 Bd8 49. Qd4 Ng6 50. Ra8 Kf7 51. Ra6 Qg4 52. h5 Nh4
53. Rf6+ Ke8 54. Qe5+ Be7 55. Qf4 Qd1+ 56. Kh2 Qf1 57. gxh4 Rxd5 58. exd5 1-0

[Event "26. Erfurter Schachfestival 2016 - MT"]
[Site "Erfurt"]
[Date "2016.12.26"]
[Round "1.14"]
[White "Pons Carreras, David"]
[Black "Braun, Michael"]
[Result "1-0"]
[WhiteElo "2335"]
[BlackElo "2064"]
[PlyCount "35"]
[EventDate "2016.12.26"]
[EventCountry "GER"]

1. d4 d5 2. Nf3 Nf6 3. c4 c6 4. e3 e6 5. Nbd2 Nbd7 6. Bd3 Be7 7. O-O O-O 8. e4
dxe4 9. Nxe4 Nxe4 10. Bxe4 Nf6 11. Bc2 c5 12. Bg5 cxd4 13. Qd3 g6 14. Rad1 Bd7
15. Qxd4 e5 16. Nxe5 Bc8 17. Qh4 Qb6 18. Rfe1 1-0

[Event "26. Erfurter Schachfestival 2016 - MT"]
[Site "Erfurt"]
[Date "2016.12.26"]
[Round "1.15"]
[White "Guenther, Thomas"]
[Black "Grigorian, Spartak"]
[Result "0-1"]
[WhiteElo "2062"]
[BlackElo "2335"]
[PlyCount "70"]
[EventDate "2016.12.26"]
[EventCountry "GER"]

1. d4 Nf6 2. Nf3 d5 3. e3 g6 4. Bd3 Bg7 5. Nbd2 O-O 6. O-O c5 7. c3 b6 8. Qe2
Nc6 9. h3 Qc7 10. dxc5 bxc5 11. e4 d4 12. cxd4 cxd4 13. a3 a5 14. Nc4 Nd7 15.
Bd2 Nc5 16. b4 Nxd3 17. Qxd3 Ba6 18. Rfc1 Rfc8 19. Qb3 Rab8 20. Qa4 Bb5 21. Qd1
axb4 22. axb4 d3 23. Rab1 Nd4 24. Nxd4 Bxd4 25. Na3 Qb6 26. Qf3 Rxc1+ 27. Bxc1
Rd8 28. Nxb5 Qxb5 29. Bd2 Rc8 30. Rc1 Rc2 31. Rd1 Qc4 32. Be3 Bg7 33. Bf4 Bd4
34. Be3 Rc3 35. Bd2 Rb3 0-1

[Event "26. Erfurter Schachfestival 2016 - MT"]
[Site "Erfurt"]
[Date "2016.12.27"]
[Round "2.1"]
[White "Lampert, Jonas"]
[Black "Mueer, Sebastian"]
[Result "1-0"]
[WhiteElo "2500"]
[BlackElo "2237"]
[Annotator "Steffan,Klaus"]
[PlyCount "120"]
[EventDate "2016.12.26"]
[EventCountry "GER"]

1. d4 Nf6 2. c4 g6 3. Nc3 Bg7 4. e4 d6 5. Be2 O-O 6. Be3 c5 7. d5 e6 8. Nf3
exd5 9. cxd5 b5 10. e5 Ng4 11. Bg5 Qb6 12. exd6 b4 13. Ne4 f5 14. Ned2 Ba6 15.
Be7 Re8 16. Qa4 Nf6 17. Bc4 Qxd6 18. Qxe8+ Nxe8 19. Bxd6 Nxd6 20. Bxa6 Nxa6 21.
Rb1 c4 22. O-O Rc8 23. a3 c3 24. bxc3 bxc3 25. Nb3 Ne4 26. Nfd4 Bxd4 27. Nxd4
Nd2 28. Rbc1 Nxf1 29. Nc6 Kf8 30. Kxf1 Nc7 31. d6 Ne6 32. Nxa7 Rc5 33. Ke2 Ke8
34. a4 Ra5 35. Nb5 Rxa4 36. Rxc3 Kd7 37. Rb3 Ra5 38. Ke3 Kc6 39. Nd4+ Nxd4 40.
Kxd4 Rd5+ 41. Ke3 g5 42. Ra3 Kxd6 43. f4 gxf4+ 44. Kxf4 Rd2 45. Rg3 Ke6 46. Kg5
Re2 47. h4 Ke5 48. Kh6 Re4 49. h5 Rh4 50. Ra3 Rh2 51. g3 Rh3 52. Re3+ Kf6 53.
Rf3 Ke5 54. Kg5 Ke6 55. Re3+ Kf7 56. Ra3 Ke6 57. Rb3 Kf7 58. Kh6 Kf6 59. Ra3
Kf7 60. Ra7+ Kf6 {Rest nicht mitgeschrieben...} 1-0

[Event "26. Erfurter Schachfestival 2016 - MT"]
[Site "Erfurt"]
[Date "2016.12.27"]
[Round "2.2"]
[White "Becker, Matthias"]
[Black "Schmaltz, Roland"]
[Result "0-1"]
[WhiteElo "2239"]
[BlackElo "2487"]
[PlyCount "74"]
[EventDate "2016.12.26"]
[EventCountry "GER"]

1. e4 c5 2. Nf3 d6 3. Bb5+ Nc6 4. O-O Bd7 5. Re1 Nf6 6. c3 a6 7. Bf1 Bg4 8. h3
Bxf3 9. Qxf3 g6 10. d3 Bg7 11. Be3 Nd7 12. Nd2 O-O 13. Qg3 b5 14. f4 b4 15.
Rac1 a5 16. Nf3 a4 17. a3 bxa3 18. bxa3 Rb8 19. d4 Rb3 20. e5 e6 21. f5 exf5
22. Bc4 dxe5 23. dxe5 Ncxe5 24. Bxb3 axb3 25. Nxe5 Bxe5 26. Bf4 Bxf4 27. Qxf4
Nb6 28. c4 Na4 29. Rcd1 Qa5 30. Qd2 Qa6 31. Qd3 Nb2 32. Qxb3 Nxd1 33. Rxd1 Ra8
34. a4 f4 35. Rd5 Qf6 36. Kh2 Re8 37. a5 Qh4 0-1

[Event "26. Erfurter Schachfestival 2016 - MT"]
[Site "Erfurt"]
[Date "2016.12.27"]
[Round "2.3"]
[White "Zelbel, Patrick"]
[Black "Schmidek, Emil"]
[Result "0-1"]
[WhiteElo "2448"]
[BlackElo "2225"]
[PlyCount "94"]
[EventDate "2016.12.26"]
[EventCountry "GER"]

1. e4 e5 2. Nf3 Nc6 3. g3 Nf6 4. d3 d5 5. exd5 Nxd5 6. Bg2 Bc5 7. O-O O-O 8.
Nc3 Nxc3 9. bxc3 f5 10. Nd2 Be6 11. Nb3 Be7 12. c4 f4 13. Re1 Qd7 14. Be4 fxg3
15. hxg3 Bb4 16. Bd2 Bg4 17. f3 Bxd2 18. Nxd2 Bh3 19. c3 Rad8 20. Rb1 Ne7 21.
Rxb7 Nf5 22. Bd5+ Kh8 23. Ne4 Qc8 24. Nc5 Nxg3 25. Rxe5 Rd6 26. Rg5 Nf5 27. Qe1
h6 28. Rh5 Re8 29. Be4 Rg6+ 30. Kh2 Rg2+ 31. Kxh3 Ne3+ 32. Rf5 Rg5 33. Qxe3
Rxf5 34. Kg3 Rg5+ 35. Qxg5 hxg5 36. Rxa7 Qd8 37. Ra6 Qe7 38. Re6 Qf7 39. Rxe8+
Qxe8 40. d4 Qf7 41. Nd3 Qxc4 42. Ne5 Qxc3 43. Nf7+ Kg8 44. Nxg5 Qxd4 45. Bh7+
Kh8 46. Bf5 g6 47. Be6 c5 0-1

[Event "26. Erfurter Schachfestival 2016 - MT"]
[Site "Erfurt"]
[Date "2016.12.27"]
[Round "2.4"]
[White "Carlstedt, Jonathan"]
[Black "Schulz, Jens"]
[Result "1-0"]
[WhiteElo "2412"]
[BlackElo "2219"]
[PlyCount "69"]
[EventDate "2016.12.26"]
[EventCountry "GER"]

1. d4 Nf6 2. c4 e6 3. Nc3 Bb4 4. Qc2 b6 5. e4 c5 6. a3 Bxc3+ 7. bxc3 Bb7 8. Bd3
d6 9. Ne2 Nc6 10. O-O e5 11. d5 Ne7 12. Ng3 Ng6 13. f4 exf4 14. Bxf4 Nxf4 15.
Rxf4 Nd7 16. Nf5 Qf6 17. Raf1 Ne5 18. Qa4+ Kf8 19. Be2 Qd8 20. Nd4 Kg8 21. Bh5
g6 22. Be2 Bc8 23. Nf3 Bd7 24. Qc2 Nxf3+ 25. R4xf3 Qe7 26. Qd2 Be8 27. Qh6 Qe5
28. Rf6 Qxe4 29. Re6 Qc2 30. Re3 f5 31. Bd3 Qb2 32. Bxf5 gxf5 33. Rg3+ Bg6 34.
Rxg6+ hxg6 35. Qxg6+ 1-0

[Event "26. Erfurter Schachfestival 2016 - MT"]
[Site "Erfurt"]
[Date "2016.12.27"]
[Round "2.5"]
[White "Kahlert, Thomas"]
[Black "Brüdigam, Martin"]
[Result "0-1"]
[WhiteElo "2231"]
[BlackElo "2412"]
[PlyCount "52"]
[EventDate "2016.12.26"]
[EventCountry "GER"]

1. c4 e5 2. Nc3 Bb4 3. Nf3 Bxc3 4. bxc3 Nc6 5. g3 d6 6. Bg2 Nge7 7. O-O O-O 8.
d4 f6 9. Ba3 b6 10. c5 bxc5 11. dxc5 d5 12. Nd2 Bg4 13. h3 Be6 14. e3 Qc8 15.
Kh2 Qa6 16. Qc1 Rad8 17. Re1 Rfe8 18. Rb1 Bf5 19. e4 dxe4 20. Nxe4 Be6 21. Bf1
Bc4 22. Bxc4+ Qxc4 23. Rb7 f5 24. Nd2 Qxa2 25. Re2 Rd7 26. Rb3 Rxd2 0-1

[Event "26. Erfurter Schachfestival 2016 - MT"]
[Site "Erfurt"]
[Date "2016.12.27"]
[Round "2.6"]
[White "Hendriks, Willy"]
[Black "Hofmann, Rares"]
[Result "1-0"]
[WhiteElo "2396"]
[BlackElo "2214"]
[PlyCount "87"]
[EventDate "2016.12.26"]
[EventCountry "GER"]

1. c4 e5 2. e3 Nf6 3. Nc3 c6 4. Nf3 d6 5. d4 Qc7 6. Be2 Be7 7. O-O O-O 8. Qc2
Be6 9. b3 Ne8 10. Bb2 f5 11. e4 f4 12. d5 Bf7 13. dxc6 bxc6 14. c5 dxc5 15. Na4
Nd7 16. Rfd1 Rd8 17. Rac1 h6 18. Rxd7 Qxd7 19. Nxe5 Qc8 20. Nxf7 Kxf7 21. Nxc5
Bxc5 22. Qxc5 Nf6 23. Bxf6 Kxf6 24. h3 Kg6 25. Bg4 Qc7 26. Bf5+ Kf6 27. Bg4 Kg6
28. e5 Kh7 29. Qc2+ Kh8 30. Qe4 Rfe8 31. e6 Rd6 32. Qg6 Rf8 33. Bf5 Rxf5 34.
Qxf5 Qe7 35. Re1 Rd2 36. Qf7 Qh4 37. Rf1 Re2 38. Qe8+ Kh7 39. Qxc6 Qf6 40. Qf3
Rxe6 41. Rc1 Qf5 42. g4 Qe4 43. Qxe4+ Rxe4 44. Rc4 1-0

[Event "26. Erfurter Schachfestival 2016 - MT"]
[Site "Erfurt"]
[Date "2016.12.27"]
[Round "2.7"]
[White "Kaunzinger, Albert"]
[Black "Wöllermann, Jan"]
[Result "0-1"]
[WhiteElo "2217"]
[BlackElo "2388"]
[PlyCount "88"]
[EventDate "2016.12.26"]
[EventCountry "GER"]

1. d4 Nf6 2. Bf4 e6 3. e3 c5 4. c3 Be7 5. Nd2 b6 6. Bd3 Bb7 7. e4 cxd4 8. cxd4
Nc6 9. Ngf3 Nb4 10. Bb1 Ba6 11. Nb3 d5 12. e5 Nd7 13. a3 Nc6 14. h4 h6 15. h5
Na5 16. Nc1 Bg5 17. Nxg5 hxg5 18. Be3 Nc4 19. Nd3 Nxe3 20. fxe3 Qe7 21. Qa4 Bc4
22. Qd1 f5 23. exf6 gxf6 24. Nf2 f5 25. b3 Ba6 26. Bd3 Bxd3 27. Nxd3 Qd6 28.
Qf3 Rc8 29. b4 Nf6 30. Ne5 Rc3 31. O-O g4 32. Qe2 Rxh5 33. Rfc1 Rc7 34. Qb5+
Kf8 35. Qf1 Rhh7 36. Qf4 Ne4 37. b5 Ke8 38. Rc6 Rxc6 39. bxc6 Kd8 40. Rc1 Qxa3
41. Re1 Qc3 42. Rf1 Kc8 43. c7 g3 44. Qf3 Qc2 0-1

[Event "26. Erfurter Schachfestival 2016 - MT"]
[Site "Erfurt"]
[Date "2016.12.27"]
[Round "2.8"]
[White "Berchtenbreiter, Maximilian"]
[Black "Sobolevsky, Leonid"]
[Result "1-0"]
[WhiteElo "2384"]
[BlackElo "2207"]
[PlyCount "47"]
[EventDate "2016.12.26"]
[EventCountry "GER"]

1. e4 e5 2. Nf3 Nc6 3. Bc4 Nf6 4. d3 Bc5 5. c3 d6 6. Bb3 Bg4 7. Nbd2 d5 8. Qe2
O-O 9. h3 Bh5 10. Nf1 Bxf3 11. Qxf3 dxe4 12. dxe4 Ne7 13. Ng3 Ng6 14. Bg5 h6
15. Rd1 Bd6 16. Bxf6 Qxf6 17. Qxf6 gxf6 18. Nf5 Kh7 19. Nxd6 cxd6 20. Rxd6 Rad8
21. Rxd8 Rxd8 22. Bxf7 Nh4 23. g3 Nf3+ 24. Ke2 1-0

[Event "26. Erfurter Schachfestival 2016 - MT"]
[Site "Erfurt"]
[Date "2016.12.27"]
[Round "2.9"]
[White "Haasler, Andreas"]
[Black "Urban, Konstantin"]
[Result "1-0"]
[WhiteElo "2202"]
[BlackElo "2368"]
[PlyCount "89"]
[EventDate "2016.12.26"]
[EventCountry "GER"]

1. d4 Nf6 2. Bf4 g6 3. e3 Bg7 4. Nf3 O-O 5. h3 d6 6. Be2 c5 7. Nbd2 b6 8. O-O
Bb7 9. a4 a6 10. Re1 Nbd7 11. Bh2 Rc8 12. c3 Re8 13. Bd3 e5 14. dxe5 dxe5 15.
e4 Qc7 16. Qe2 Nb8 17. Bc4 h6 18. g4 Rcd8 19. Bg3 Nh7 20. Kh2 Nf8 21. Nh4 Bc6
22. Nb3 Qb7 23. f3 Rd6 24. Bf2 Red8 25. a5 b5 26. Nxc5 Qe7 27. Bd3 Ne6 28. Ng2
b4 29. Nxe6 Qxe6 30. Bc4 Qd7 31. Be3 bxc3 32. bxc3 Bb7 33. Reb1 Rc8 34. Qa2 Rf6
35. Kg3 Qc7 36. g5 hxg5 37. Bxg5 Rd6 38. Bxf7+ Kh7 39. Rb6 Rd3 40. Qe6 Rxf3+
41. Kxf3 Qxc3+ 42. Ne3 Bxe4+ 43. Kxe4 Qd4+ 44. Kf3 e4+ 45. Kg4 1-0